000 00283nam a22001217a 4500
008 150813t xxu||||| |||| 00| 0 eng d
020 _a81-203-2674-1
082 _a630
100 _aH.S. Chaube
_91026
245 _aCrop Diseases and their management
300 _a703
942 _2ddc
_cBK
999 _c17296
_d17296